[Event "Tilburg"]
[Site "Tilburg"]
[Date "1993.??.??"]
[Round "2"]
[White "Dolmatov, Sergey"]
[Black "Agdestein, Simen"]
[Result "1-0"]
[WhiteElo "2630"]
[BlackElo "2610"]
[Annotator "Ernst,T"]
[PlyCount "187"]
[EventDate "1993.11.??"]
[EventType "k.o."]
[EventRounds "7"]
[EventCountry "NED"]
[SourceTitle "CBM 039"]
[Source "ChessBase"]
[SourceDate "1994.04.01"]
[SourceVersion "1"]
[SourceVersionDate "1994.04.01"]
[SourceQuality "1"]

1. e4 {Wedberg} e5 2. Nf3 Nc6 3. Bb5 a6 4. Ba4 Nf6 5. O-O Be7 6. Re1 b5 7. Bb3
d6 8. c3 O-O 9. h3 Na5 10. Bc2 c5 11. d4 Qc7 12. Nbd2 cxd4 13. cxd4 Nc6 14. Nb3
a5 15. Be3 a4 16. Nbd2 Bd7 (16... Nb4 {Wedberg}) 17. Rc1 Qb7 (17... Rfc8 {
Wedberg} 18. a3 Qb7 19. Bb1 b4 20. Nc4 $16 {Petrosjan-Pfleger/Bamberg/1968})
18. Qe2 Rfe8 19. a3 (19. Bd3 Rab8 20. a3 Bd8 21. dxe5 Nxe5 (21... dxe5 22. Rc5
Bb6 23. Rxb5 $16 {Ivanovic,B-Lazic,Mi/Podgorica/1993/}) 22. Nxe5 dxe5 23. Rc2
Re6 24. b4 $14 {Eichhorn,E-Heilemann,P/Dr.R.Blass Mem./1990/}) 19... g6 20. Bb1
Bf8 21. Ba2 h6 22. dxe5 Nxe5 (22... dxe5 23. Bc5 $14) 23. Bd4 Rac8 24. Bc3 $14
{! Wedberg} Bg7 25. Nd4 Qb6 (25... d5 {Wedberg} 26. f4 Nc4 27. e5 $16) 26. Rcd1
Qa6 27. f4 Nc4 28. Nxc4 bxc4 29. Qf3 Rc7 30. e5 dxe5 31. fxe5 Nh7 32. Qg3 Qb6
33. Kh1 Ng5 34. h4 Ne6 35. Nf3 Qb7 36. Nd2 {! Wedberg} Nc5 $5 37. Bxc4 Be6 38.
Bxe6 Rxe6 39. Qf3 Qa6 40. Ne4 $16 Nd7 41. Nf6+ Nxf6 42. exf6 Rxf6 43. Re8+ Kh7
44. Bxf6 Bxf6 45. Ra8 Qb6 46. Rxa4 Qxb2 47. Rb4 $18 Qc2 48. Rf4 Bg7 49. Rf1 Qa2
50. Rxf7 Rxf7 51. Qxf7 Qxa3 52. h5 Qg3 53. Qxg6+ Qxg6 54. hxg6+ Kxg6 55. Kh2
Be5+ 56. Kh3 h5 57. Rb1 Bc7 58. Rb5 Bd8 59. Rd5 Be7 60. Kg3 Bg5 61. Kf3 Bc1 62.
Ke4 Bb2 63. Kf4 Bc1+ 64. Kf3 Bg5 65. Ke4 Bc1 66. Rd1 Bb2 67. Kf4 Ba3 68. Rd3
Bc1+ 69. Ke5 Bb2+ 70. Ke4 Kg5 71. Rg3+ Kf6 (71... Kh4 72. Rg6 Bc3 73. Kf3 Be5
74. Rc6 Bb8 75. Rc4+ Kg5 76. Rd4 Bc7 77. g3 Bb8 78. Rd5+ Kg6 79. Kg2 Kh6 80.
Kh3 Kg6 81. Kh4 $18) 72. Rb3 Bc1 73. Rb1 Ba3 74. Kf4 Bd6+ 75. Kf3 Be7 76. Re1
Bb4 77. Rd1 Kg6 78. Rd7 Ba3 79. Kg3 Kg5 80. Rg7+ Kh6 81. Ra7 Bc1 82. Ra6+ Kg5
83. Ra5+ Kg6 84. Kh4 Bd2 85. Ra6+ Kg7 86. Kxh5 Be3 87. g4 Bd4 88. Rc6 Be3 89.
Rc7+ Kf8 90. Kg6 Bd2 91. Rf7+ Ke8 92. Rf3 Bc1 93. g5 Bd2 94. Kh5 1-0

[Event "Amsterdam VSB"]
[Site "Amsterdam"]
[Date "1993.??.??"]
[Round "4"]
[White "Anand, Viswanathan"]
[Black "Piket, Jeroen"]
[Result "1-0"]
[WhiteElo "2710"]
[BlackElo "2590"]
[Annotator "Ftacnik,L"]
[PlyCount "121"]
[EventDate "1993.05.??"]
[EventType "tourn"]
[EventRounds "6"]
[EventCountry "NED"]
[EventCategory "17"]
[SourceTitle "CBM 035"]
[Source "ChessBase"]
[SourceDate "1993.08.01"]
[SourceVersion "1"]
[SourceVersionDate "1993.08.01"]
[SourceQuality "1"]

1. e4 e5 2. Nf3 Nc6 3. Bb5 a6 4. Ba4 Nf6 5. O-O Be7 6. Re1 b5 7. Bb3 d6 8. c3
O-O 9. h3 Na5 10. Bc2 c5 11. d4 Qc7 12. Nbd2 cxd4 13. cxd4 Bd7 (13... Bb7) (
13... Nc6) 14. Nf1 Rac8 15. Ne3 Nc6 16. d5 Nb4 17. Bb1 a5 18. a3 Na6 19. b4 Ra8
(19... axb4 20. axb4 Nxb4 $2 21. Bd2 $18) 20. Bd2 Rfc8 21. Bd3 (21. bxa5 Nc5
22. Nf1 Qb7 {/\ Bd8}) 21... axb4 22. axb4 Qb7 23. Nh2 (23. Ra5 Nc7 24. Qe2 Rxa5
25. bxa5 Na6 26. Rb1 Nc5 27. Nf5 Bf8 28. Bxb5 Bxb5 29. Rxb5 Qa6) 23... Nc7 24.
Nhf1 $6 (24. Qe2 Rxa1 25. Rxa1 Ra8 26. Rxa8+ Qxa8 27. Nhg4 Nxg4 28. hxg4 g6 $13
) 24... Rxa1 $1 25. Qxa1 Nh5 26. Nc2 $2 (26. Be2 Nf4 27. Bg4 Bxg4 28. hxg4)
26... f5 $1 27. exf5 (27. f3 fxe4 28. fxe4 Nf4 29. Bxf4 exf4 $17) 27... Nxd5
28. Nfe3 Kh8 29. Bf1 Nhf6 30. Rd1 Nb6 31. Na3 $8 Ra8 32. Qb2 Bc6 33. Rc1 (33.
Nxb5 $2 Na4) 33... d5 34. Bxb5 $2 (34. Ng4 Nxg4 35. hxg4 d4 36. Qc2 Be4 (36...
Rc8 37. Qb3) 37. Qc7) (34. Qc3 Nc4 (34... Be8 35. Qxe5 Rxa3 36. Rc7) 35. Naxc4
bxc4 36. Qxe5 Ne4 $44) 34... Bxb5 35. Nxb5 d4 (35... Na4 36. Qxe5 Qxb5 37. Qxe7
) 36. Rc7 Qa6 $2 (36... Qb8 $1 37. Rxe7 dxe3 38. Bxe3 Nc4 39. Qc1 Nxe3 (39...
Qxb5 40. Bh6 Rg8 41. Qg5 $13) 40. Nc7 Ned5) 37. Rxe7 Qxb5 $2 (37... dxe3 38.
Bxe3 Qxb5 39. Rxe5 Nc4 (39... Qa6 40. Re6 Qa1+)) 38. Ng4 Nc4 39. Bh6 $1 (39.
Qc1 Nd5 40. Re6 (40. Bh6 Nxe7 41. Qg5 Nxf5) 40... Nc7 $10) 39... Nxg4 $8 (39...
Nxb2 $2 40. Bxg7+ Kg8 41. Nxf6#) 40. Bxg7+ Kg8 41. Qc1 Qxb4 $2 (41... d3 $1 42.
Bh6 (42. f6 d2 43. Qd1 Nge3 (43... Qa4 $2 44. f7+ Kxg7 45. Qxg4+ Kf8 46. Rd7
$18) 44. fxe3 Nxe3 45. Qxd2 (45. Qb3+ Qd5) 45... Qf1+ 46. Kh2 Qf4+ 47. Kg1 Ra1+
) 42... d2 43. Bxd2 Nxd2 44. hxg4 Qxb4 (44... Qe2 45. Rc7 $10) 45. Rxe5 $10) (
41... Nge3 $2 42. fxe3 d3 43. f6 d2 44. Qf1 $18) 42. Bf6 $1 (42. f6 Nce3 $1 (
42... Qa4 43. hxg4) (42... Nd6 43. hxg4 Rc8 44. Qg5 Nf7) (42... Qc3 43. f7+
Kxg7 44. Qg5+ Kf8 45. Re8+ Rxe8 46. Qg8+ $18) 43. fxe3 Qc3 44. Qxc3 (44. Qf1
Qxe3+) 44... dxc3 45. hxg4 c2 46. Rc7 Ra1+ 47. Kf2 c1=Q 48. Rxc1 Rxc1 $15)
42... Kf8 (42... Nd2 43. Rg7+ Kf8 44. Be7+ $18) 43. hxg4 Qd2 $8 44. Qxd2 (44.
Qxc4 $2 Ra1+ 45. Kh2 Qh6+ 46. Kg3 Qf4+ 47. Kh3 Rh1#) 44... Nxd2 45. Rd7 (45.
Rxe5 Ra1+ 46. Kh2 Nf1+ 47. Kh3 d3 48. Rd5 $18) 45... Ra5 46. f3 Nc4 47. g5 Ra1+
48. Kh2 Ra6 49. Rc7 Ne3 50. Bg7+ Kg8 51. Bxe5 d3 52. Bc3 (52. f6 d2 53. g6 hxg6
54. f7+ Kf8 55. Bf4 Nf1+ (55... g5 56. Bxe3 d1=Q 57. Bc5+ Rd6 58. Rd7 $18) 56.
Kh3 g5) 52... d2 53. Bxd2 Nf1+ 54. Kh3 Nxd2 55. f6 Ra1 56. Kg4 Rg1 57. Kg3 Rh1
58. Kf4 Rh4+ 59. Kf5 Ra4 60. Rg7+ Kf8 61. Rxh7 1-0

[Event "Biel GM"]
[Site "Biel"]
[Date "2004.07.25"]
[Round "6"]
[White "Pelletier, Yannick"]
[Black "Sasikiran, Krishnan"]
[Result "0-1"]
[WhiteElo "2597"]
[BlackElo "2666"]
[Annotator "Ftacnik,L"]
[PlyCount "54"]
[EventDate "2004.07.19"]
[EventType "tourn"]
[EventRounds "10"]
[EventCountry "SUI"]
[EventCategory "18"]
[SourceTitle "CBM 102"]
[Source "ChessBase"]
[SourceDate "2004.09.23"]
[SourceVersion "1"]
[SourceVersionDate "2004.09.23"]
[SourceQuality "1"]

1. e4 e5 2. Nf3 Nc6 3. Bb5 a6 4. Ba4 Nf6 5. O-O Be7 6. Re1 b5 7. Bb3 d6 8. c3
O-O 9. h3 Na5 10. Bc2 c5 11. d4 Qc7 12. Nbd2 Rd8 13. Nf1 cxd4 14. cxd4 exd4 15.
Nxd4 d5 16. e5 Ne4 17. f3 Bc5 18. Be3 (18. b4 Bxd4+ 19. Qxd4 Qxc2 20. bxa5 Nc3
21. Bg5 Re8 22. Bd2 Na4 23. Ne3 Qc5 24. Qxc5 Nxc5 25. Nxd5 Rd8 26. Nb6 Rb8 27.
Bb4 Nd3 {1/2-1/2 Anisimov,P-Lazic,M/Chalkidiki 2002/ (50)}) (18. Ne3 Qxe5 19.
fxe4 Bxd4 20. exd5 Nc4 21. Kh1 Re8 22. Bxh7+ Kxh7 23. Nc2 Qxd5 24. Rxe8 Bxh3
25. Qd3+ Bf5 26. Qxd4 Qxd4 27. Nxd4 Rxe8 28. Nxf5 {1-0 Kotz,H-Doppelhammer,H/
Austria 1998/ (43)}) (18. fxe4 dxe4 19. Be3 (19. Rxe4 Nc6 (19... Bf5 20. Be3
Bxe4 21. Bxe4 Qb6 22. Bxa8 Bxd4 23. Qf3 Bxe3+ 24. Nxe3 Nc4 25. Re1 Rd3 26. Bd5
Nxe5 27. Qe4 Qf6 28. Ng4 {1-0 Cervetto,E-Bernal,G/Olivos 2002/ (28)}) 20. Be3
Nxd4 21. Rh4 Bf5 22. Be4 Rac8 23. b4 Bb6 24. Qh5 Qxe5 25. Bxf5 Qxf5 26. Qxf5
Nxf5 27. Bxb6 Nxh4 28. Bxd8 Rxd8 {0-1 Garcia,G-Wahls,M/Cienfuegos 1996/ (53)})
19... Nc4 20. Bxe4 Nxe3 21. Nxe3 Rxd4 22. Qf3 Rb8 23. Kh1 Bb7 24. Nd5 Bxd5 25.
Bxd5 Rd8 {1/2-1/2 Hellers,F-Polgar,Z/Adelaide 1988/ (29)}) 18... Nc4 (18... Bb7
19. Qe2 Nc4 20. Nb3 Bxe3+ 21. Nxe3 Nxe3 22. Qxe3 Qxc2 23. fxe4 dxe4 24. Nc5 Bc6
25. Re2 Qc4 26. Rc1 Qxa2 27. Nxe4 Bxe4 28. Qxe4 Re8 {0-1 Toux,S-Pytel,M/La
Fere 2002/ (60)}) 19. Nb3 $2 {[%mdl 4] Pelletier must have had known something
about the variation, in which black suddenly starts playing very aggressively
by sacrificing piece in the center. This modest knight retreat is surely
second rate, the position after 19.fxe4 is equal.} (19. fxe4 Nxe3 (19... dxe4
20. Bxe4 {Hellers,F-Polgar,Z/Adelaide 1988/ (29)}) 20. Nxe3 Qb6 21. exd5 Bxd4
22. Qf3 $11) 19... d4 $1 (19... Nxe3 20. Nxe3 Bb6 21. fxe4 d4 22. Nd5 d3+ 23.
Kh1 dxc2 24. Qf3 Qb7 25. Rec1 $11) 20. Bxd4 $2 (20. Bxe4 dxe3 21. Qc1 (21. Qe2
Rd2 $1 22. Nfxd2 exd2+ 23. Nxc5 Qxc5+ 24. Kh1 dxe1=Q+ 25. Rxe1 Ra7 $19) 21...
e2+ 22. Nxc5 Qxc5+ 23. Ne3 Rd2 24. Bxa8 Qxe3+ 25. Kh1 Rxb2 $15) 20... Rxd4 $1 {
The fight is practically over due to this swift action of the black's rook.
Sasikiran is realizing advantage in a very convincing manner.} (20... Bxd4+ 21.
Nxd4 Ned2 22. Nxd2 Rxd4 23. Re2 Qa5 24. Bxh7+ Kh8 (24... Kxh7 25. Qc2+ Kg8 26.
Nb3 $15) 25. Be4 Rb8 $17) 21. Nxd4 Nxb2 22. Qc1 (22. Bxe4 Nxd1 23. Raxd1 Bb7
24. Bxb7 Qxb7 $19) 22... Bxd4+ 23. Kh2 (23. Kh1 Nf2+ 24. Kh2 Qd8 $19) (23. Ne3
Nc5 24. Qd2 Ne6 $19) 23... Nc5 (23... Bxe5+ 24. Kg1 Nf6 $19) 24. Qf4 Bc3 25.
Re3 Nbd3 $1 26. Bxd3 Nxd3 27. Rxd3 Bxa1 $1 (27... Bxe5 28. Rd8+ Qxd8 29. Qxe5
Be6 $19) (27... Bxa1 $1 28. Rd6 Be6 $19) 0-1

[Event "ISR-ch"]
[Site "Tel Aviv"]
[Date "2002.11.27"]
[Round "3"]
[White "Smirin, Ilia"]
[Black "Golod, Vitali"]
[Result "1-0"]
[WhiteElo "2683"]
[BlackElo "2523"]
[Annotator "Golod,V"]
[PlyCount "107"]
[EventDate "2002.11.24"]
[EventType "swiss"]
[EventRounds "9"]
[EventCountry "ISR"]
[SourceTitle "CBM 093"]
[Source "ChessBase"]
[SourceDate "2003.04.01"]
[SourceVersion "1"]
[SourceVersionDate "2003.04.01"]
[SourceQuality "1"]

1. e4 e5 2. Nf3 Nc6 3. Bb5 a6 4. Ba4 Nf6 5. O-O Be7 6. Re1 b5 7. Bb3 d6 8. c3
O-O 9. h3 Na5 10. Bc2 c5 11. d4 Qc7 12. Nbd2 cxd4 ({Before I also checked
another variant:} 12... Rd8 {See comments to Arutunian,D-Golod,V/Pardubice,
2002/CBM 90(1-0)(Golod,V)(39)}) 13. cxd4 Nc6 14. Nb3 a5 15. Be3 a4 16. Nbd2 Bd7
17. Rc1 Rac8 18. Nf1 $5 ({Before that I had met:} 18. a3 $5 Qb8 {[%csl Yb8,Re5]
[%cal Yb8e5]} 19. Qe2 Rc7 20. Bd3 Rfc8 {1/2-1/2 Palac,M-Golod,V/Halkidiki,2002
(20)}) 18... Qb8 $146 {[%csl Yb8,Re5][%cal Yb8e5] Queen from this point
protects Pe5 and this let me to play in future: Na5.} (18... Qb7 $143 {You can
see comments to Smirin,I-Sokolov,I/Sarajevo,2002/CBM 90(1-0)(Wedberg)(69)}) 19.
Ng3 {Finally "knight was parked".} Rc7 {My plan includes to exchange,as much
more pieces in <->c,as possible.} 20. Bb1 Rfc8 21. Kh1 {Ilia for any case
takes away king and by the way gives me the move.} Na5 22. b3 Rxc1 {I
systematically lead my plan of exchange.} 23. Bxc1 axb3 ({It was better:} 23...
Be6 24. d5 (24. Ng5 $6 axb3 25. axb3 (25. Nxe6 fxe6 26. axb3 exd4 {[%csl Rb3]})
25... exd4 {[%csl Rb3]}) 24... Bd7 $11) 24. axb3 Bd8 $5 ({Senselessly:} 24...
Be6 $6 {because of:} 25. Ba2 $1 {[%csl Ya2][%cal Gf3g5,Ya2b3]}) 25. Bb2 Nc6 26.
Re2 Bb6 {If I prevented 28th move of white I would play:} (26... Ba5 $5 {
[%csl Ya5][%cal Ya5e1]}) 27. Rd2 {[%csl Rd7]} Rd8 28. b4 $1 {Ilia perfectly
feels typical position in this structure.} Qc7 ({After:} 28... Be8 $6 29. Nf5 {
white are causing me to make weakness in the king side.} g6 30. Ne3 $36) 29.
Ba2 $6 ({Like my opponent said after the game,it was better to make one more
preventive move:} 29. Kh2) 29... Nxd4 30. Nxd4 Bxd4 31. Bxd4 exd4 32. Rxd4 Ra8
$1 {(1/2?)} (32... Be6 $2 33. e5 $36) 33. Qd2 Ra3 $11 34. Qb2 Rc3 ({It was
better to get fixed on <->a:} 34... Qa7 35. Bb1 $140 $6 (35. Bd5 $5 $11) 35...
Rb3 $1 36. Qxb3 Qxd4 {[%csl Rf2][%cal Gh7h5,Gd7e6]}) 35. Rd2 (35. Rxd6 Rc1+ (
35... Rc2 $2 36. Qd4 Rxa2 37. e5 $36) 36. Kh2 Qxd6 37. Qxc1 Nxe4 $11) 35... Be6
$4 {Gross mistake!} ({It leads to equality:} 35... h6 $5 $11) {[%tqu "En",
"?Black's last move was a blunder.How can white exploit it.","It is necessary
to use a weakness of the black king!","","e4e5","",10]} 36. e5 $1 {[%csl Rg8]
[%mdl 64]} Bxa2 (36... dxe5 $4 37. Qxc3 Qxc3 38. Rd8+) 37. exd6 $1 {It was
much better,than:} (37. Qxa2 Ne8 38. exd6 (38. Qa8 $143 Qc6) 38... Nxd6 39. Qa6
{[%csl Rb5,Rd6]}) 37... Qc4 38. Qxa2 Qxa2 39. Rxa2 g6 (39... Rc8 40. Nf5 Kf8
41. Nd4 $18 {[%csl Rb5]}) {[%tqu "En","?Please enter the best move for white.",
"","","g3e4","",10]} 40. Ne4 $1 {[%mdl 64] One more perfect tactical resource!}
Rc1+ $8 ({Loses right away:} 40... Nxe4 $2 41. d7 Nxf2+ 42. Kg1 Rd3 43. Ra8+
Kg7 44. d8=Q Rxd8 45. Rxd8 Ne4 46. Rd5 Nc3 47. Rc5 Ne2+ 48. Kf2 Nd4 49. Rd5 $18
{[%csl Rb5,Yd4][%cal Gd5d4]}) 41. Kh2 Kg7 42. Nxf6 $1 {Transfer in RR endgame
with o^Pd6 finish fight right away.} Kxf6 43. Rd2 $18 Rc8 44. Kg3 Kf5 ({
It changes nothing:} 44... Ke6 45. d7 Rd8 46. Kf4 f6 47. Ke4 {[%cal Gg2g4]} f5+
48. Kf4 Rxd7 49. Rxd7 Kxd7 50. Ke5 $18) 45. d7 Rd8 46. Kf3 Ke5 47. g4 $1 f6 48.
Ke3 h6 49. Rd1 $22 g5 50. f3 f5 (50... Ke6 $144 51. Ke4) 51. gxf5 Kxf5 52. Rd5+
Kg6 53. Ke4 Kh5 54. Rd6 {[%csl Rh6][%cal Ge4d5,Gd5c6,Gc6c7]} 1-0

[Event "RUS-Cup7"]
[Site "Kstovo"]
[Date "1997.05.05"]
[Round "5"]
[White "Zagrebelny, Sergey"]
[Black "Lobzhanidze, Davit"]
[Result "0-1"]
[WhiteElo "2480"]
[BlackElo "2375"]
[Annotator "Hansen,LB"]
[PlyCount "78"]
[EventDate "1997.05.01"]
[EventType "swiss"]
[EventRounds "9"]
[EventCountry "RUS"]
[SourceTitle "CBM 059"]
[Source "ChessBase"]
[SourceDate "1997.08.01"]
[SourceVersion "1"]
[SourceVersionDate "1997.08.01"]
[SourceQuality "1"]

1. e4 {Wedberg} e5 2. Nf3 Nc6 3. Bb5 a6 4. Ba4 Nf6 5. O-O Be7 6. Re1 b5 7. Bb3
d6 8. c3 O-O 9. h3 Na5 {The old Chigorin variation, which has withstood the
test of time for over 100 years!} 10. Bc2 c5 11. d4 Qc7 12. Nbd2 Bd7 13. Nf1
cxd4 14. cxd4 Rac8 15. Ne3 Nc6 16. a3 $6 {The main line is 16.d5 This move
must be considered to be a mistake. Still players of the white pieces walks
into this line with some regularity.} (16. d5 {Wedberg Main line}) 16... Nxd4
17. Nxd4 exd4 18. Qxd4 d5 $1 {/\ Bc5 >< Bc2 /\ Bc5 >< Bc2} 19. e5 (19. exd5 Bc5
20. Qc3 $8 Bxe3 21. Rxe3 Qxc3 22. Rxc3 Rxc3 23. bxc3 Nxd5 {Tiberkov,I -
Stoinev,M/Copenhagen Obro/1989/}) (19. b4 dxe4 20. Bxe4 (20. Bb2 Be6 21. Rad1
Rfd8 22. Qe5 Qxe5 23. Bxe5 Kf8 $17 {Szalanczy,E - Borocz,I/Budapest/1993/})
20... Rfd8 21. Bf3 Bg4 $1 22. Nd5 Bxf3 23. Rxe7 Qxc1+ 24. Rxc1 Rxc1+ 25. Kh2
Bxd5 $17 {Gavrikov,V - Hort,V/Tunis izt/1985/}) 19... Bc5 20. Qd1 (20. Qf4 Rfe8
$1 {>< e5} 21. Nf5 (21. Nf1 Nh5 22. Bxh7+ $6 Kxh7 23. Qxf7 Rxe5 $1 24. Rxe5
Qxe5 25. Qxd7 Bxf2+ $1 26. Kxf2 Rf8+ 27. Kg1 Qe1 {Vogt,L - Cladouras,P/
Budapest/1989/}) 21... Nh5 (21... Bxf2+ $6 22. Qxf2 Qxc2 23. Qxc2 Rxc2 24. Ne3
Rc7 25. exf6 d4 26. fxg7 dxe3 27. Bxe3 Kxg7 28. Bd4+ Kg6 29. Rf1 f5 $11 {
Klovans,J - Cladouras,P/Bern/1993/}) 22. Qf3 (22. Nh6+ $6 gxh6 23. Bxh7+ Kxh7
24. Qxh6+ Kg8 25. Qxh5 Qb6 26. Qh4 Be7 27. Bg5 Bxg5 28. Qxg5+ Qg6 $17 {
Fernandez,A - Van Riemsdijk,H/Buenos Aires/1989/}) 22... Bxf2+ $1 (22... Rxe5
23. Bd2 $132) 23. Qxf2 Qxc2 24. Qxc2 Rxc2 25. Ne3 Rc6 26. Nxd5 Rc5 27. Nc3 $6 (
27. Nf4 $2 Rxc1 $1 28. Raxc1 Nxf4 $17 {Hartman}) (27. Nb6 $5 Bc6 $15 {>< Nb6,e5
}) 27... Rcxe5 28. Rxe5 Rxe5 $17 {Hartman,C - Hansen,LB/Copenhagen/1996/})
20... Qxe5 21. Nf5 (21. Ng4 $6 Bxg4 $1 22. Rxe5 (22. hxg4 Qg3 $1 $17) 22...
Bxd1 23. Bxd1 Ne4 $17) 21... Bxf2+ $5 (21... Qc7) 22. Kxf2 Rxc2+ 23. Qxc2 Ne4+
24. Kg1 (24. Rxe4 $2 Qxf5+ $19) 24... Bxf5 25. Qd3 Rd8 $17 26. Ra2 d4 27. b4
Nd6 $5 (27... Qd5 28. Rae2 Nd6 $17) 28. Rae2 $5 Bxd3 (28... Qd5) 29. Rxe5 Bc4
30. Rc5 $1 {If Black could achieve a set-up with Bb3 and Nc4 he would win
easily by pushing the d-pawn, but this does not seem possible.} d3 (30... Bb3
31. Bf4 Nc4 $2 32. Rd5 $1) 31. Bf4 $1 h6 32. Rc6 Nf5 {Not the desired square
for the N (too far from breaking a blockade on d2!)} 33. Kf2 $6 {This gives
Black a chance to push the d-pawn by using tactics. Such a passed pawn should
be blocked immediately: 33.Bd2!} (33. Bd2 $1) (33. Rxa6 $5 {Wedberg}) 33... d2
34. Rd1 Rd4 $1 35. g3 (35. Bxd2 $2 Bb3 $19) (35. Be3 Rd3 36. Bb6 Ng3 $1 $19 (
36... Bb3 $2 37. Ke2 $1)) 35... g5 $1 36. Be5 (36. Be3 Rd3 37. Rc8+ Kh7 38. Re8
Be6 $19) (36. Bxd2 {Wedberg} Bb3 37. Bc3 Rxd1 38. Rc8+ Kh7 39. Rh8+ Kg6 40.
Rg8+ Kh5 41. g4+ Kh4 42. gxf5 Kxh3 $19) 36... Rd8 37. g4 $2 {This loses
immediately, but probably White was lost even after the best defence 37.Bf6.} (
37. Bf6 Rd3 $1 (37... Bb3 38. Bxd8 Bxd1 39. Rc8 $1 Kg7 40. Bxg5 $1 hxg5 41. Rd8
$11) 38. Be5 $5 (38. Rc8+ Kh7 39. Rh8+ Kg6 $19 {/\ Bb3-+}) 38... Bb3 (38... Ne3
39. Rxd2 $1) 39. Rc8+ Kh7 40. Rh8+ Kg6 41. g4 $5 (41. Rg8+ Kh5 42. g4+ Kh4 43.
gxf5 Bxd1 $19) 41... Ne7 $1 42. Ke2 Rd5 $19) 37... Bb3 38. Bf6 Bxd1 39. Bxd8
Bxg4 0-1

[Event "Politiken Cup 18th"]
[Site "Copenhagen"]
[Date "1996.??.??"]
[Round "6"]
[White "Hartman, Christer"]
[Black "Hansen, Lars Bo"]
[Result "0-1"]
[WhiteElo "2370"]
[BlackElo "2565"]
[Annotator "Hansen,LB"]
[PlyCount "104"]
[EventDate "1996.06.??"]
[EventType "swiss"]
[EventRounds "11"]
[EventCountry "DEN"]
[SourceTitle "CBM 054"]
[Source "ChessBase"]
[SourceDate "1996.10.01"]
[SourceVersion "1"]
[SourceVersionDate "1996.10.01"]
[SourceQuality "1"]

1. e4 {Wedberg} e5 2. Nf3 Nc6 3. Bb5 a6 4. Ba4 Nf6 5. O-O Be7 6. Re1 b5 7. Bb3
d6 8. c3 O-O 9. h3 Na5 10. Bc2 c5 11. d4 Qc7 12. Nbd2 cxd4 13. cxd4 Bd7 14. Nf1
Rac8 15. Ne3 Nc6 16. a3 $6 (16. d5 Nb4 17. Bb1 a5 18. a3 Na6 19. b4 $14 {
Main line}) (16. d5 $142 {Wedberg}) 16... Nxd4 17. Nxd4 exd4 18. Qxd4 d5 $1 {
/\ Bc5 >< Bc2} 19. e5 (19. exd5 $4 {Wedberg} Bc5 20. Qd3 Bxe3 21. Bxe3 Qxc2 $19
) 19... Bc5 20. Qf4 Rfe8 $1 21. Nf5 $1 (21. Nf1 Nh5 22. Bxh7+ $6 Kxh7 23. Qxf7
Rxe5 $1 24. Rxe5 Qxe5 25. Qxd7 Bxf2+ $1 26. Kxf2 Rf8+ 27. Kg1 Qe1 {0-1/Vogt,
L-Cladouras,P/Budapest/1989/}) 21... Nh5 (21... Bxf2+ $2 {Wedberg} 22. Qxf2
Qxc2 23. Qxc2 Rxc2 24. Ne3 Rc7 25. exf6 d4 26. fxg7 dxe3 27. Bxe3 Kxg7 28. Bd4+
Kg6 29. Rf1 f5 $10 {Klovans,J-Cladouras,P/Bern op (5) 1993/1/2-1/2 (63)}) 22.
Qf3 (22. Nh6+ {Wedberg} gxh6 23. Bxh7+ Kxh7 24. Qxh6+ Kg8 25. Qxh5 Qb6 $17)
22... Bxf2+ $1 {Wedberg: NowWhite has to fight for a draw.} (22... Rxe5 23. Bd2
$1 $36) 23. Qxf2 Qxc2 24. Qxc2 Rxc2 25. Ne3 Rc6 26. Nxd5 Rc5 27. Nc3 {This
just loses a pawn.} (27. Nb6 {Wedberg: Looks dangerous, but the knight is not
easy to trap.} Be6 {>< Nb6} (27... Bc6 {Wedberg} 28. g4 Nf6 29. Bf4 Ne4 30.
Rac1 $13)) (27. Nf4 $2 Rxc1 $1 28. Raxc1 Nxf4 $17 {Hartman}) 27... Rcxe5 $17
28. Rxe5 Rxe5 29. Bd2 Bc6 30. g4 $5 Nf6 31. Re1 Nd7 32. Rxe5 Nxe5 33. Be3 f6
34. b3 Kf7 35. Kf2 g5 36. Kg3 Kg6 37. a4 $1 {/\ a5 >< a6} bxa4 $8 38. Nxa4 {
/\ Nc5} (38. bxa4 {Wedberg  Its better to keep opposite coloured bishops.})
38... Bxa4 39. bxa4 h5 {/\ h4 >< h3} 40. gxh5+ $1 Kxh5 41. Bd4 Nd7 42. Kf3 f5
43. Kg3 Nf8 44. Bf2 Ng6 45. Kf3 Nf4 46. h4 $4 (46. Kg3 $17) 46... Nd3 47. hxg5
Nxf2 48. Kxf2 a5 $1 49. Kf3 Kxg5 50. Kg3 Kf6 $19 (50... f4+ $4 51. Kf3 $10 Kf5
52. Kf2 Ke4 53. Ke2 Kd4 54. Kf3 Kc3 55. Kxf4 Kb3 56. Ke3 Kxa4 57. Kd2 Kb3 58.
Kc1 $10) 51. Kf3 Ke5 52. Ke3 Kd5 (52... Kd5 53. Kf4 Kc4 54. Kxf5 Kb3 55. Ke4
Kxa4 56. Kd3 Kb3 57. Kd2 Kb2 $19) 0-1